El ki: la esencia de las artes marciales (Registro nro. 5239)

Detalles MARC
000 -Cabecera
Campo de control de longitud fija 00619aam a2200253 4500
005 - Fecha y hora de la última transacción
Campo de control 20260414170216.0
008 - Elementos de longitud fija--Información general
Campo de control de longitud fija 150507b2005 xxu||||| |||| 00| 0 spa d
020 ## - International Standard Book Number
Número Internacional Estándar del Libro (ISBN) 9501755126
041 ## - Idioma
Código de idioma Español
082 ## - Clasificación Decimal Dewey
Número de clasificación 613.714.8 SI593k
100 ## - Entrada principal--Autor personal
Nombre personal Simone, Mónica
9 (RLIN) 37378
100 ## - Entrada principal--Autor personal
Nombre personal Bertuccio, Jorge
9 (RLIN) 37379
245 ## - Título propiamente dicho
Título El ki: la esencia de las artes marciales
260 ## - Pie de imprenta
Lugar de publicación, distribución, etc. Argentina
260 ## - Pie de imprenta
Nombre del editor, distribuidor, etc. Kier
260 ## - Pie de imprenta
Fecha de publicación, distribución, etc. 2005
300 ## - Descripción física
Extensión 142 páginas
490 ## - Serie
Título de la Serie Temática General
650 ## - Materia general
Temática (materia general) DEFENSA PERSONAL
650 ## - Materia general
Temática (materia general) ARTES MARCIALES
650 ## - Materia general
Temática (materia general) KI
650 ## - Materia general
Temática (materia general) REIKI Y BUDO
942 ## - Punto de acceso adicional KOHA
Tipo de ítem KOHA Libro
Fuente del sistema de clasificación o colocación Dewey Decimal Classification
Existencias
Signatura completa Código de barras Programa Académico Tipo de ítem
613.714.8 SI593k 14255 Investigación Criminal Libro